000 00447nam a2200157Ia 4500
008 240729s9999 xx 000 0 und d
022 _a2169-575X
245 0 _aGlobal Health: Science and Practice Journal
260 _aUnited States
260 _bJohns Hopkins University
650 _a Public aspects of medicine
650 _aMedicine
856 _uhttps://doaj.org/toc/ca2477c355d649bea1984334944030c0
942 _2ddc
942 _cDOAJEJ
999 _c66204
_d66204
945 _a1
_bMadushi Gamage
_c1
_dMadushi Gamage